书目信息 |
| 题名: |
变压器分接开关运行维修导则
|
|
| 作者: | ;中华人民共和国国家质量监督检验检疫总局 | |
| 分册: | ||
| 出版信息: | 2010.09 |
|
| 页数: | 99页 | |
| 开本: | 20cm | |
| 丛书名: | ||
| 单 册: | ||
| 中图分类: | TM403.4 | |
| 科图分类: | ||
| 主题词: | 变压器 , 变流器 , 电抗器 | |
| 电子资源: | ||
| ISBN: | ||
| 000 | 00795nam0 2200217 450 | |
| 001 | 1754900717 | |
| 005 | 20171211151710.09 | |
| 010 | @dCNY27.00 | |
| 100 | @a20171211d2010 km y0chiy0120 ea | |
| 101 | 0 | @achi |
| 200 | 1 | @a变压器分接开关运行维修导则@Abian ya qi fen jie kai guan yun xing wei xiu dao ze@eDL/T 574-2010@f中华人民共和国国家质量监督检验检疫总局@Fzhong hua ren min gong he guo guo jia zhi liang jian du jian yan jian yi zong ju |
| 210 | @d2010.09 | |
| 215 | @a99页@d20cm | |
| 517 | 1 | @aDL/T 574-2010 |
| 606 | 0 | @a变压器 |
| 606 | 0 | @a变流器 |
| 606 | 0 | @a电抗器 |
| 690 | @aTM403.4@v4 | |
| 711 | 02 | @a中华人民共和国国家质量监督检验检疫总局@Azhong hua ren min gong he guo guo jia zhi liang jian du jian yan jian yi zong ju |
| 801 | 0 | @aCN@bMUSE@c20171211 |
| 905 | @aMUSE@dTM403.4@eG936 | |
| 变压器分接开关运行维修导则:DL/T 574-2010/中华人民共和国国家质量监督检验检疫总局.-2010.09 |
| 99页;20cm |
| ISBN :CNY27.00 |
| ● |
| 相关链接 |
|
|
|
正题名:变压器分接开关运行维修导则
索取号:TM403.4/G936
 
预约/预借
| 序号 | 登录号 | 条形码 | 馆藏地/架位号 | 状态 | 备注 |
| 1 | 1237273 | 212372733 | 电气与控制工程学院资料室/ [索取号:TM403.4/G936] | 在馆 |